| 000 | 00457nam a22001817a 4500 | ||
|---|---|---|---|
| 003 | CEME | ||
| 005 | 20210628210352.0 | ||
| 008 | 210216b xxu||||| |||| 00| 0 eng d | ||
| 020 | _a969-0-01418-8 | ||
| 040 | _c. | ||
| 082 | _a616.89 MAL | ||
| 100 |
_aMalik, M. A _979104 |
||
| 245 | _aNojawano kay nafsiati masayyal | ||
| 260 |
_aLAHORE _bFEROZE SONS _c1999 |
||
| 300 | _a367P | ||
| 650 |
_aPSYCHOLOGICAL PROBLEMS-YOUNGESTRS _979105 |
||
| 942 |
_cBK _2ddc |
||
| 999 |
_c584169 _d584169 |
||